| 000 | 00764cam a22002773a 4500 | ||
|---|---|---|---|
| 001 | 26285 | ||
| 003 | PGUSA | ||
| 005 | 20140828083551.0 | ||
| 008 | 080801s2008||||xxu|||||s|||||000 1 eng d | ||
| 040 |
_aPGUSA _beng |
||
| 042 | _adc | ||
| 050 | 4 | _aPS | |
| 100 | 1 |
_aJames, Henry, _d1843-1916 |
|
| 245 | 1 | 4 |
_aThe Turn of the Screw _h[electronic resource] / _cHenry James |
| 260 |
_bProject Gutenberg, _c2008 |
||
| 506 | _aPublic domain in the USA. | ||
| 516 | _aElectronic text | ||
| 653 | _aGovernesses -- Fiction | ||
| 653 | _aChildren -- Fiction | ||
| 653 | _aPsychological fiction | ||
| 653 | _aGhost stories | ||
| 653 | _aEngland -- Fiction | ||
| 830 | 0 |
_aProject Gutenberg _v26285 |
|
| 856 | 4 | 0 | _uhttp://www.gutenberg.org/ebooks/26285 |
| 942 | _cEB | ||
| 999 |
_c255540 _d255540 |
||